Metaphysik und theologie des Aristoteles

Guardado en:
Detalles Bibliográficos
Autor principal: Hager, Fritz Peter (Autor)
Formato: Libro
Lenguaje:alemán
Publicado: Wissenschaftliche Buchgesellschaft 1969
Colección:Wege der Forschung
Materias:
Etiquetas: Agregar Etiqueta
Sin Etiquetas, Sea el primero en etiquetar este registro!

MARC

LEADER 00000nam a2200000 a 4500
001 UCY6304
003 CL-VaPUC
008 950521e19690000GW |||||||||||||||||ger|d
082 0 4 |a 110  |b HAG  |2 21 
100 |a Hager, Fritz Peter  |e author  |9 336318 
245 1 0 |a Metaphysik und theologie des Aristoteles 
300 |a 467 p 
942 |c BK 
945 |d 19950521 00:00:00  |a oaravena 
260 |b Wissenschaftliche Buchgesellschaft  |c 1969 
600 0 |a Aristóteles,  |d 384 a.C.- 322 a.C.  |9 194 
650 0 |a Filosofía   |9 223554 
650 0 |a Filosofía antigua   |9 255705 
650 0 |a Metafísica  |9 265649 
650 0 |a Ontología   |9 256850 
650 0 |a Teología   |9 258766 
651 0 |a Grecia  |9 265314 
583 |a last modification  |c 20120828 10:19:33  |k Rodrigo Vera 
490 0 |a Wege der Forschung 
999 |c 233880  |d 233878 
952 |0 0  |1 0  |4 0  |6 110_000000000000000_HAG_1969  |7 0  |8 P  |9 239683  |a BIBEDU  |b BIBEDU  |c BIBEDU_PB  |d 2019-11-18  |i 1506951  |o 110 HAG 1969  |p 1506951  |r 2024-01-25  |w 2019-11-18  |y BK  |k FIL